03452nas a2200337 i 450000500170000000700030001700800410002004000330006104100080009411000370010224500500013926400690018930000560025831000140031433600270032833700340035533800290038936200500041850012430046850500650171152001590177665000730193594200150200895201670202395201670219095201580235795201940251595201940270995201940290399900170309720250530143725.0ta241128e2024 dr bn|p|r||||||0| 0 spa d cAGNdAGNaDO-SdBNPbspaerda aspa aAMD Dominican Group, SRL.987926 aReporte Médico. Com /cAMD Dominican Group. aSantiago, República Dominicana :bAMD Dominican Group, c2024. avolumen : bilustraciones, fotografías ; c30 cm. aBimestral atextobtxt2rdacontent asin mediación bn2rdamedia avolumen bnc2rdacarrier aNúmero 15, Año 2024, noviembre-diciembre. aReporte Médico.com es un producto diseñado y elaborado por Media Group – RMMG SRL empresa que cuenta con un equipo de profesionales al servicio de tu bienestar y salud. ReporteMédico.com es una revista médica especializada de 06 ediciones anuales con publicación bimestral, conformada por 100 páginas o más que cuenta con secciones fijas, reportajes, noticias, entrevistas, productos y servicios. ReporteMédico.com es presentada en dos versiones impresa y digital. Nuestra versión impresa tiene alta calidad de impresión con distribución masiva y gratuita. Brinda al lector una imagen fresca y variada, apoyada a su vez por nuestra página web www.reportemedico.com para que los usuarios de las plataformas digitales disfruten de su versión Digital y de nuestro contenido diario. Cabe destacar que es la única revista especializada que incluye una Guía Médica como ninguna otra, una herramienta formidable para tenerla siempre contigo y ubicar rápida y eficazmente los más destacados médicos a nivel nacional. Copyright © 2022 Media Group – RMMG SRL | Todos los derechos reservados. Santo Domingo / República Dominicana Síguenos por nuestras Redes Sociales Instagram Facebook Youtube  aRevista Médica Especializada de la República Dominicana. aLa República Dominicana cuenta con varias revistas médicas especializadas que ofrecen contenido de alta calidad científica y divulgación médica. 0aMedicina912481vPublicaciones periódicas zRepública Dominicana 2ddccISSUE 00102ddc4056708SEaBNPHUbBNPHUd2025-05-30hNúmero 15, Año 2024, noviembre-diciembrel0p2025-4692r2025-05-30te.1w2025-05-30yISSUEzGuía Médica. 00102ddc4056708SEaBNPHUbBNPHUd2025-05-30hNúmero 15, Año 2024, noviembre-diciembrel0p2025-4693r2025-05-30te.2w2025-05-30yISSUEzGuía Médica. 00102ddc4056708SEaBNPHUbBNPHUd2025-05-30hNúmero 16, Año 2025, mazo-abrill0p2025-4695r2025-05-30te.1w2025-05-30yISSUEzGuía Médica. 00102ddc4056708SEaBNPHUbBNPHUcREd2026-05-22hNúmero 18, Año 2025, noviembre-diciembrel0p2026-4459r2026-05-22te.1w2026-05-22yISSUEzDisponible para consulta en Hemeroteca. 00102ddc4056708SEaBNPHUbBNPHUcREd2026-05-22hNúmero 18, Año 2025, noviembre-diciembrel0p2026-4460r2026-05-22te.2w2026-05-22yISSUEzDisponible para consulta en Hemeroteca. 00102ddc4056708SEaBNPHUbBNPHUcREd2026-05-22hNúmero 18, Año 2025, noviembre-diciembrel0p2026-4461r2026-05-22te.3w2026-05-22yISSUEzDisponible para consulta en Hemeroteca. c59106d59106